00222 a2200109 4500001000700000020000600007040001100013100002200024240003100046245002600077362000900103171205 a  cMagnum aAbramovay, Miriam10aViolencia nas escolaslpor10aViolencia nas escolas0 a1899